[Event "Dublin Malahide Millennium op"]
[Site "Dublin"]
[Date "2024.05.04"]
[Round "2"]
[White "Hogan, Pat"]
[Black "Guinan, Cian"]
[Result "0-1"]
[WhiteElo "1959"]
[BlackElo "1881"]
[PlyCount "78"]
[EventDate "2024.05.04"]
[EventType "swiss"]
[EventRounds "6"]
[EventCountry "IRL"]
[SourceTitle "CB19_2024"]
[SourceDate "2024.05.08"]
[SourceVersion "1"]
[SourceVersionDate "2024.05.08"]
[SourceQuality "1"]

1. d4 g6 2. Bf4 Bg7 3. Nc3 d6 4. Qd2 Nd7 5. 0-0-0 c6 6. e4 Qc7 7. Nf3 e5 8. dxe5 dxe5 9. Be3 Ngf6 10. h3 0-0 11. Qd6 Qxd6 12. Rxd6 Re8 13. Rd2 b5 14. Bd3 Bf8 15. Ne2 Nc5 16. Ng3 Rb8 17. Kb1 Bb7 18. c3 Nxd3 19. Rxd3 c5 20. Ka1 Nxe4 21. Nxe4 Bxe4 22. Rd7 Bxf3 23. gxf3 a5 24. Rhd1 c4 25. Ra7 Rbd8 26. Rxd8 Rxd8 27. Kb1 a4 28. Kc2 Kg7 29. h4 h6 30. Rb7 Rd5 31. Rb8 Be7 32. f4 exf4 33. Bxf4 Bxh4 34. Be3 h5 35. Rb6 Bf6 36. b3 cxb3+ 37. axb3 axb3+ 38. Kxb3 h4 39. Kb4 h3 0-1